Dictionary of science and technology / (Record no. 9706)
[ view plain ]
| 000 -LEADER | |
|---|---|
| fixed length control field | 00939cam a2200301 i 4500 |
| 001 - CONTROL NUMBER | |
| JCCL Control Number | 9706 |
| 003 - CONTROL NUMBER IDENTIFIER | |
| JCCL marc code | BD-JhCC |
| 005 - DATE AND TIME OF LATEST TRANSACTION | |
| control field | 20180328171049.0 |
| 008 - FIXED-LENGTH DATA ELEMENTS--GENERAL INFORMATION | |
| fixed length control field | 180322s1974 stka d 000 0 eng |
| 020 ## - INTERNATIONAL STANDARD BOOK NUMBER | |
| International Standard Book Number | 0550132023 : |
| Terms of availability | £8.00 |
| 035 ## - SYSTEM CONTROL NUMBER | |
| system control number | (BD-JhCC)9706 |
| 040 ## - CATALOGING SOURCE | |
| Original cataloging agency | DLC |
| Transcribing agency | DLC |
| Modifying agency | DLC |
| -- | BD-JhCC |
| 041 ## - LANGUAGE CODE | |
| Language code of Book | eng |
| 050 00 - LIBRARY OF CONGRESS CALL NUMBER | |
| Classification number | Q123 |
| Item number | .D53 1974 |
| 082 00 - DEWEY DECIMAL CLASSIFICATION NUMBER | |
| Classification number | 503 |
| Author mark and Year | DIC 1974 |
| 245 00 - TITLE STATEMENT | |
| Title | Dictionary of science and technology / |
| Statement of responsibility, etc | T. C. Collocott, A. B. Dobson, |
| 250 ## - EDITION STATEMENT | |
| Edition statement | Revised ed. / |
| 260 ## - PUBLICATION, DISTRIBUTION, ETC. (IMPRINT) | |
| Place of publication, distribution, etc | Edinburgh : |
| Name of publisher, distributor, etc | W. and R. Chambers, |
| Date of publication, distribution, etc | 1974. |
| 300 ## - PHYSICAL DESCRIPTION | |
| Pagination | xvi, 1328 p. : |
| Other physical details | ill. ; |
| Dimensions | 22 cm. |
| 500 ## - GENERAL NOTE | |
| General note | Spine title: Chambers dictionary of science and technology. |
| 650 #0 - SUBJECT ADDED ENTRY--TOPICAL TERM | |
| Topical term or geographic name as entry element | Science |
| General subdivision | Dictionaries. |
| 650 #0 - SUBJECT ADDED ENTRY--TOPICAL TERM | |
| Topical term or geographic name as entry element | Technology |
| General subdivision | Dictionaries. |
| 700 1# - ADDED ENTRY--PERSONAL NAME | |
| Personal name | Collocott, T. C., |
| 700 1# - ADDED ENTRY--PERSONAL NAME | |
| Personal name | Dobson, A. B. |
| Fuller form of name | (Alan Binaloss), |
| 740 ## - | |
| Uncontrolled related/analytical title | Chambers dictionary of science and technology. |
| 942 ## - ADDED ENTRY ELEMENTS (KOHA) | |
| Source of classification or shelving scheme | Dewey Decimal Classification |
| Koha item type | Books |
| Source of classification or shelving scheme | Damaged status | Not for loan | Home library | Current library | Shelving location | Total Checkouts | Full call number | Barcode | Date last seen | Copy number | Koha item type |
|---|---|---|---|---|---|---|---|---|---|---|---|
| Dewey Decimal Classification | JCC Rouf Library | JCC Rouf Library | General Stacks | 503 DIC 1974 | 12949 | 03/22/2018 | C - 1 | Books |